Andrés Iniesta’s Most Played-With XI - Statistics

General Stats
  • This quiz has been taken 66 times
  • The average score is 10 of 11
Answer Stats
Pos. Apps Player Nationality % Correct
DM 440 Sergio Busquets Spanish
100%
CM 486 Xavi Spanish
100%
CB 378 Carles Puyol Spanish
98%
RB 297 Dani Alves Brazilian
98%
CB 420 Gerard Pique Spanish
98%
ST 488 Lionel Messi Argentinian
98%
GK 480 Victor Valdes Spanish
98%
LB 248 Jordi Alba Spanish
95%
LF 257 Pedro Spanish
89%
CM* 242 Javier Mascherano Argentine
85%
RF 187 Cesc Fabregas Spanish
33%
No matching quizzes found
Score Distribution
Percent of People with Each Score
Percentile by Number Answered
Your Score History
You have not taken this quiz